000 00838nam a2200325Ia 4500
001 7359
005 20240113234011.0
007 ta
008 050705s1980 a g b000 u eng u
020 _a0-471-08976-1
040 _aCotton College,Assam
041 _aeng
082 _a551.1
_bFo 82 So
100 _aFoth, Henry D. .
245 0 _aSoil Geography and Land Use /
_cHenry D. Foth & John W. Schafer.
_hTextual Documents
250 _a1st ed. /
260 _aNew York :
_bJohn Wiley & Sons ,
_c1980.
300 _a484p. :
_bill. ;
_c23cm .
504 _aIndex
653 _aGeology
653 _aSoil Geography
653 _aLandforms
653 _aPG-Geology
653 _aG-Geology
700 _aSchafer, John W. .
942 _2ddc
_cBK
999 _c7346
_d7346